000 01673cam a22004934i 4500
003 PE-LiUPU
005 20250731173014.0
008 150623s r 000 0 d
020 _a0800630904
035 _a(Sirsi) i9780800630904
040 _aPE-LiUPU
_bspa
_cPE-LiUPU
_erda
049 _aPRUA
082 0 4 _a231
_bG33
_221
245 0 0 _aGod in the fray :
_ba tribute to Walter Brueggemann /
_ceditado por Tod Linafelt y Timothy K. Beal .
264 1 _aMinneapolis, MN :
_bFortress Press,
_c1998.
300 _a349 páginas ;
_c23 centímetros
336 _atext
_2rdacontent
337 _aunmediated
_2rdamedia
338 _avolume
_2rdacarrier
504 _aIncluye bibliografía.
505 0 _aEngaging Brueggemann's theology. -God in the Torah. -God in the prophets. -God in the writings. -Continuing the dialogue.
526 _aSEG42
526 _aSEG41
526 _aSEG40
526 _aSEG39
526 _aP94
526 _aP87
526 _aP86
526 _aP85
526 _aP77
526 _aP76
526 _aP35
600 1 _aBrueggemann, Walter
630 _aBiblia.
_pA.T.
_xTEOLOGIA.
650 0 4 _aDios
_xEnseñanza bíblica.
700 1 _aBeal, Timothy K.1963-.
700 1 _aLinafelt, Tod,
_d1965-,
_eed.
942 _2ddc
_cBOOK
949 _a231 G33
_wDEWEY
_c1
_i47229
_lCCODEBUL1
_mBUL
_r0
_sY
_tBOOK
_u2015-6-24
_xTEOLOGIA
_PP35
_0COMPRA
_o.STAFF. Colección General
994 _aC0
_bPEPRU
596 _a1
999 _a231 G33
_wDEWEY
_c23779
_i47229
_f2021-11-9
_g5
_lCCODEBUL1
_mBUL
_q1
_r0
_sY
_tBOOK
_u2015-6-24
_xTEOLOGIA
_PP35
_0COMPRA
_o.STAFF. Colección General
_d23779
980 _81
_gALBERTO SANCHEZ Responsable de Automatización